000 00684nam a2200265 a 4500
003 AR-BaBNM
005 20251128210913.0
008 082120s2002 ||||||||||||||000 | spa||
020 _a950-739-743-4
040 _cAR-BaBNM
100 1 _aBaudelaire, Charles Pierre
245 0 0 _aCuadernos de un disconforme
260 _aBuenos Aires
_bErrepar
_c1999
300 _a185 p.
490 0 _aClásicos de bolsillo
_vv. 39
650 4 _aLITERATURA FRANCESA
650 4 _aENSAYO
653 _aINNOVACION LITERARIA
653 _aPARNASIANISMO
653 _aMODERNISMO
655 _aLITERATURA
700 1 _aStoppelman, Gabriela
_eprologuista
942 _cBK
998 _cMARTIN
999 _c17387
_d17387